Vista normal
Vista MARC
Entrada Personal Name
Número de registros utilizados en: 1
001 - CONTROL NUMBER
- control field: 17427
003 - CONTROL NUMBER IDENTIFIER
- control field: DLC
005 - DATE AND TIME OF LATEST TRANSACTION
- control field: 20250903162627.0
008 - FIXED-LENGTH DATA ELEMENTS
- fixed length control field: 950313n| azannaabn |a aaa
010 ## - LIBRARY OF CONGRESS CONTROL NUMBER
- LC control number: n 95024361
035 ## - SYSTEM CONTROL NUMBER
- System control number: (OCoLC)oca03792111
040 ## - CATALOGING SOURCE
- Original cataloging agency: DLC
- Language of cataloging: spa
- Description conventions: rda
- Transcribing agency: Mx-PuUPA
- Modifying agency: OCoLC
- Modifying agency: HU
- Modifying agency: Mx-PuUPA
046 ## - SPECIAL CODED DATES
- Birth date: 1954
- Source of date scheme: edtf
100 1# - HEADING--PERSONAL NAME
- Personal name: Castro Leñero, Francisco,
- Dates associated with a name: 1954-
370 ## - ASSOCIATED PLACE
- Place of birth: Ciudad de México (México)
- Associated country: México
- Source of term: naf
372 ## - FIELD OF ACTIVITY
- Field of activity: Pintura
- Source of term: lcsh
374 ## - OCCUPATION
- Occupation: Artista
- Occupation: Pintor
- Occupation: Autor
- Source of term: lcsh
375 ## - GENDER
- Gender: hombre
- Source of term: lcdgt
377 ## - ASSOCIATED LANGUAGE
- Language code: spa
400 1# - SEE FROM TRACING--PERSONAL NAME
- Personal name: Leñero, Francisco Castro,
- Dates associated with a name: 1954-
670 ## - SOURCE DATA FOUND
- Source citation: Estructura esencial, 1995:
- Information found: t.p. (Francisco Castro Leñero) p. 57 (b. Mexico City, 1954; artist)